000 00918nam a2200265 a 4500
001 000023285
005 20200930022119.0
008 771019s1997 sp b 000 0 spa d
020 _a8401011035
040 _aDO-SdBNP
_cspa
_dBNPHU
041 1 7 _aspa
_heng
_2Código de idiomas MARC
082 _a929.2
_bK29w
100 1 _aKelley, Kitty.
_947952
240 1 4 _aThe royals.
_lEspañol
245 1 4 _aLos Windsor :
_bradiografía de la familia real británica /
_cKitty Kelley ; traducción Jofre Homedes.
260 _aBarcelona :
_bPlaza & Janés,
_c1997.
300 _a596 p. :
_bil. ;
_c21 cm.
534 _aTítulo original :
_tThe royals
500 _aIncluye datos biográficos del autor en la solapa
500 _aIncluye referencias bibliográficas al pie de las páginas.
650 4 _aFamilia
_xHistoria
_947953
650 4 _aGenealogía
_921604
700 1 _aHomedes, Jofre,
_etr.
_947954
049 _aBNGR
999 _c22782
_d22782